Statistiques concernant 50 Tubes francophones de 1970 à 2019

Cliquez ici pour prendre le quiz!

Statistiques générales

  • Ce quiz a été pris 428 fois
  • Le résultat moyen est 27 sur 50

Statistiques - réponses

InterprètesAnnéeChanson% Correct
Céline Dion1995Pour que tu m'aimes encore
93%
Lio1980Banana split
89%
Patrick Bruel1991Place des grands hommes
86%
Angèle2019Balance ton quoi
85%
Diam's2006La boulette
83%
Axelle Red1994Sensualité
82%
Johnny Hallyday1976Requiem pour un fou
80%
Gilbert Montagné1984On va s'aimer
79%
Claude François1977Je vais à Rio
77%
Plastic Bertrand1978Ca plane pour moi
77%
Jean-Jacques Goldman1983Comme toi
75%
Lagaf'1990Bo le lavabo
71%
Yannick Noah2007Aux arbres citoyens
70%
Michel Sardou1970Les bals populaires
68%
Sheila1971Les rois mages
68%
Garou2001Seul
67%
Vianney2017Moi aimer toi
66%
Amir2016J'ai cherché
64%
Hélène Ségara2000Il y a trop de gens qui t'aiment
64%
2Be31997Partir un jour
63%
Indila2014Tourner dans le vide
62%
Hoshi2018Ta marinière
59%
Louane2015Avenir
59%
Chimène Badi2003Entre nous
58%
Jeanne Mas1985Johnny, Johnny
58%
Mike Brant1972Qui saura
58%
Renaud1981Viens chez moi, j'habite chez une copine
56%
Camélia Jordana2010Non , non, non ( écouter Barbara )
55%
Daniel Guichard1974Mon vieux
54%
Julien Doré2008Les limites
53%
Olivia Ruiz2009Elle panique
51%
Sexion d'assaut2012Avant qu'elle parte
49%
Sabine Paturel1986Les bêtises
48%
Liane Foly1999La vie ne m'apprend rien
41%
Les Innocents1993L'autre Finistère
40%
Ilona Mitrecey2005Un monde parfait
37%
Licence IV1987Viens boire un p'tit coup à la maison
36%
Emma Daumas2004Tu seras
35%
Lilicub1996Voyage en Italie
32%
Stomy Bugsy1998Mon papa à moi est un gangster
31%
François Feldman1992Joy
30%
Youssoupha2013On se connaît
27%
Chagrin d'Amour1982Chacun fait c'qu'il lui plaît
26%
Félix Gray1988La gitane
24%
Stone & Charden1973Made in Normandie
23%
Dave1975Mon coeur est malade
21%
Rohff2002Qui est l'exemple ?
21%
Hervé Vilard1979Nous
19%
Ben l'oncle soul2011Petite soeur
16%
Caroline Legrand1989J'aurai voulu te dire
6%

Distribution des résultats

Percentile par nombre de réponses

% des personnes avec chaque résultat

Votre développement - résultats

Vous n’avez pas pris ce quiz